| 000 | 00631nam a2200205 i 4500 | ||
|---|---|---|---|
| 001 | 135572 | ||
| 003 | ES-MaACL | ||
| 005 | 20250812051529.0 | ||
| 007 | t| | ||
| 008 | 070719s1963 sp ||||1| spa d | ||
| 080 | _a008"19/.."(04) | ||
| 080 | _a7"19/.."(04) | ||
| 100 | 1 |
_aTorre, Guillermo de ( _d1900-1971) _9110740 |
|
| 245 | 1 | 0 |
_aMinorías y masas en la cultura y el arte contemporáneos / _cGuillermo de Torre. |
| 260 |
_aBarcelona : _bE.D.H.A.S.A., _c[1963] |
||
| 300 |
_a378 p., 2 h. con lám. 1-34 ; _c20 cm. |
||
| 650 | 7 |
_aArte- _yS.XX _2 _9141916 |
|
| 852 |
_aES-MaACL _jC-23403 _bR.52063 |
||
| 999 |
_c135572 _d135572 |
||